000 00896nam a2200241 a 4500
001 28665
003 BD-RjUL
005 20211209051319.0
008 190325s1944 ii | 00| 0 eng d
035 _a(BD-RjUL)28747
040 _aBD-RjUL
_beng
_cBD-RjUL
_dBD-RjUL
041 _aeng
082 _a332.4954
_bBII 1944
_223
100 1 _aBirla, G. D.
_9229663
245 1 0 _aIndian currency in retrospect /
_cby G. D. Birla
260 _aAllahabad:
_bKitabistan,
_c1944
300 _a22 p. ;
_c21 cm.
490 _aThe Indian institute of international affairs, New Delhi ;
_v13
500 _a"First published - September 1944."
650 _aMoney
_xHistory.
_zIndia
_9229664
830 0 _aThe Indian institute of international affairs, New Delhi ;
_v13
_9229665
942 _2ddc
_cRAR
999 _c28665
_d28665